[Event "Chioggia op-B 15th"]
[Site "Chioggia"]
[Date "2022.10.02"]
[Round "4"]
[White "Marroni, Valerio"]
[Black "Mercandelli, Claudio"]
[Result "0-1"]
[WhiteElo "1598"]
[BlackElo "1730"]
[PlyCount "73"]
[EventDate "2022.09.30"]
[EventType "swiss"]
[EventRounds "5"]
[EventCountry "ITA"]
[SourceTitle "EXT 2024"]
[Source "ChessBase"]
[SourceDate "2023.10.10"]
[SourceVersion "1"]
[SourceVersionDate "2023.10.10"]
[SourceQuality "1"]

1. d4 Nf6 2. c4 e6 3. Nf3 Bb4+ 4. Bd2 Qe7 5. a3 Bxd2+ 6. Nbxd2 d6 7. Qc2 a5 8. e3 0-0 9. Bd3 e5 10. h3 Re8 11. dxe5 dxe5 12. Ne4 Nbd7 13. Nfd2 g6 14. g4 Nxe4 15. Bxe4 Nc5 16. 0-0-0 c6 17. h4 Nxe4 18. Qxe4 Bd7 19. Rdg1 b5 20. g5 Qc5 21. Qc2 Bf5 22. Ne4 Bxe4 23. Qxe4 bxc4 24. h5 c3 25. hxg6 cxb2+ 26. Kb1 fxg6 27. Rg4 Qxa3 28. Qc4+ Kf8 29. Qa4 Qd3+ 30. Qc2 Qxc2+ 31. Kxc2 a4 32. Kxb2 a3+ 33. Ka2 Red8 34. Rxh7 Rd2+ 35. Kb3 Ra6 36. Rh1 a2 37. Rb4 0-1

[Event "Chioggia op-B 15th"]
[Site "Chioggia"]
[Date "2022.10.02"]
[Round "5"]
[White "Mercandelli, Claudio"]
[Black "Nallo, Federico"]
[Result "1-0"]
[WhiteElo "1730"]
[BlackElo "1606"]
[PlyCount "129"]
[EventDate "2022.09.30"]
[EventType "swiss"]
[EventRounds "5"]
[EventCountry "ITA"]
[SourceTitle "EXT 2024"]
[Source "ChessBase"]
[SourceDate "2023.10.10"]
[SourceVersion "1"]
[SourceVersionDate "2023.10.10"]
[SourceQuality "1"]

1. Nf3 c5 2. c4 Nc6 3. Nc3 g6 4. d4 cxd4 5. Nxd4 Bg7 6. Nc2 Nf6 7. e4 d6 8. Be2 0-0 9. 0-0 a6 10. Rb1 Qc7 11. Be3 Ne5 12. Nd5 Nxd5 13. cxd5 e6 14. Rc1 exd5 15. Nb4 Qa5 16. Nxd5 Be6 17. Nc7 Rad8 18. Nxe6 fxe6 19. Qb3 b5 20. Qxe6+ Kh8 21. Qd5 Nd7 22. f3 Bxb2 23. Bd4+ Bxd4+ 24. Qxd4+ Kg8 25. Qd5+ Kh8 26. Rfd1 Qb6+ 27. Qd4+ Qxd4+ 28. Rxd4 Nc5 29. Rcd1 Na4 30. Rxd6 Rc8 31. Rxa6 Rc2 32. Bxb5 Nc3 33. Bd3 Rb2 34. Rf1 Nxa2 35. Rf2 Rxf2 36. Kxf2 Nb4 37. Rd6 Nxd3+ 38. Rxd3 Rf7 39. h4 Ra7 40. g4 Kg7 41. Kg3 h5 42. gxh5 gxh5 43. Rd5 Kh6 44. Kf4 Rf7+ 45. Rf5 Rc7 46. Rf6+ Kg7 47. Rd6 Rf7+ 48. Ke3 Rc7 49. f4 Rc3+ 50. Kd4 Rh3 51. f5 Rxh4 52. Ke5 Rh1 53. Rd7+ Kh6 54. f6 Rf1 55. Ke6 h4 56. Rg7 Ra1 57. e5 Ra6+ 58. Kf5 Ra3 59. Rg6+ Kh7 60. Rg4 h3 61. f7 Rf3+ 62. Ke6 h2 63. Rh4+ Kg7 64. Rxh2 Rxf7 65. Rh7+ 1-0

[Event "Chioggia op-B 15th"]
[Site "Chioggia"]
[Date "2022.10.01"]
[Round "2"]
[White "Cappellari, Mario"]
[Black "Mercandelli, Claudio"]
[Result "1-0"]
[WhiteElo "1580"]
[BlackElo "1730"]
[PlyCount "78"]
[EventDate "2022.09.30"]
[EventType "swiss"]
[EventRounds "5"]
[EventCountry "ITA"]
[SourceTitle "EXT 2024"]
[Source "ChessBase"]
[SourceDate "2023.10.10"]
[SourceVersion "1"]
[SourceVersionDate "2023.10.10"]
[SourceQuality "1"]

1. e4 Nc6 2. Nf3 d6 3. c3 Nf6 4. d3 e5 5. g3 Be7 6. Bg2 h6 7. 0-0 Bg4 8. a4 Qd7 9. Re1 Nh7 10. Nbd2 h5 11. b4 Ng5 12. b5 Nxf3+ 13. Nxf3 Nd8 14. d4 f6 15. Qc2 Nf7 16. Nh4 g5 17. Nf5 Bxf5 18. exf5 c6 19. Rb1 d5 20. dxe5 Nxe5 21. f4 gxf4 22. Bxf4 Bc5+ 23. Kf1 Bd6 24. c4 d4 25. Qe4 c5 26. Qxb7 Qxb7 27. Bxb7 Rb8 28. Bd5 Kd7 29. Bxe5 Bxe5 30. Re4 Rh7 31. a5 Kc7 32. Rh4 Rbh8 33. Ke2 Rg7 34. b6+ Kb8 35. a6 d3+ 36. Kxd3 axb6 37. Rxb6+ Ka7 38. Rb7+ Rxb7 39. axb7 Rg8 1-0

[Event "Chioggia op-B 15th"]
[Site "Chioggia"]
[Date "2022.09.30"]
[Round "1"]
[White "Mercandelli, Claudio"]
[Black "Fornai, Francesco"]
[Result "1-0"]
[WhiteElo "1730"]
[BlackElo "1467"]
[PlyCount "95"]
[EventDate "2022.09.30"]
[EventType "swiss"]
[EventRounds "5"]
[EventCountry "ITA"]
[SourceTitle "EXT 2024"]
[Source "ChessBase"]
[SourceDate "2023.10.10"]
[SourceVersion "1"]
[SourceVersionDate "2023.10.10"]
[SourceQuality "1"]

1. Nf3 d5 2. d4 e6 3. c4 Nf6 4. Nc3 Be7 5. Bf4 Nbd7 6. e3 0-0 7. Bd3 dxc4 8. Bxc4 a6 9. a4 Nb6 10. Bd3 Nbd5 11. Be5 c5 12. 0-0 cxd4 13. Bxd4 Nb4 14. Bc4 Qc7 15. Qe2 Nc6 16. Bxf6 Bxf6 17. Ne4 Qe7 18. Rfd1 e5 19. h3 Be6 20. Bxe6 Qxe6 21. Rd6 Qe7 22. Rad1 Rad8 23. Nxf6+ gxf6 24. Rxd8 Rxd8 25. Nh4 Rxd1+ 26. Qxd1 Qe6 27. g4 Ne7 28. Qd8+ Kg7 29. Qc7 b5 30. axb5 axb5 31. Qb7 f5 32. Qxe7 Qxe7 33. Nxf5+ Kf6 34. Nxe7 Kxe7 35. f4 Kd6 36. Kf2 e4 37. Ke2 Kd5 38. Kd2 Kc4 39. Kc2 h6 40. h4 b4 41. g5 b3+ 42. Kd2 h5 43. f5 Kd5 44. Kc3 Ke5 45. f6 Kf5 46. Kd4 Kg4 47. Kxe4 Kxh4 48. g6 1-0

[Event "Imperia Savona Province-ch"]
[Site "Alassio"]
[Date "2016.01.16"]
[Round "3"]
[White "Mercandelli, Claudio"]
[Black "Guido, Pierpaolo"]
[Result "1-0"]
[WhiteElo "1900"]
[BlackElo "1440"]
[PlyCount "113"]
[EventDate "2016.01.15"]
[EventType "swiss"]
[EventRounds "5"]
[EventCountry "ITA"]
[SourceTitle "EXT 2018"]
[Source "ChessBase"]
[SourceDate "2017.10.13"]
[SourceVersion "1"]
[SourceVersionDate "2017.10.13"]
[SourceQuality "1"]

1. Nf3 d5 2. d4 f5 3. e3 e6 4. Bd3 Nf6 5. Nbd2 Bd6 6. Qe2 Qe7 7. 0-0 Nbd7 8. c4 c6 9. Rb1 Ne4 10. Ne1 Ndf6 11. f4 Ng4 12. Bxe4 dxe4 13. Nxe4 Bc7 14. Nc3 Bd7 15. Nf3 0-0 16. b3 h6 17. h3 Nf6 18. Ne5 Be8 19. Bd2 Ba5 20. Na4 Bh5 21. Qe1 Bxd2 22. Qxd2 Ne4 23. Qe1 Kh7 24. Nc3 Nd6 25. c5 Nf7 26. Nxf7 Rxf7 27. Kh2 Rg8 28. Qf2 g5 29. g3 Rfg7 30. Rg1 Bg6 31. b4 Be8 32. a4 Rg6 33. a5 Qc7 34. Qa2 gxf4 35. gxf4 Qg7 36. Qf2 Qc7 37. Rxg6 Rxg6 38. Rg1 b6 39. Rxg6 Bxg6 40. Qa2 Bf7 41. axb6 axb6 42. cxb6 Qxb6 43. Qa5 Qb7 44. Na4 Qe7 45. Kg3 h5 46. Qc5 h4+ 47. Kf2 Qe8 48. Qc1 Qa8 49. Qd1 Kh6 50. Nc5 Qa2+ 51. Kg1 Qa3 52. Qe1 Kh5 53. Nd7 Kh6 54. Qxh4+ Bh5 55. Qg5+ Kh7 56. Nf6+ Kh8 57. Qg8# 1-0

[Event "Arco op 33rd"]
[Site "Arco"]
[Date "2011.10.27"]
[Round "6"]
[White "Mercandelli, Claudio"]
[Black "Billio, Atto"]
[Result "1-0"]
[WhiteElo "1907"]
[BlackElo "2071"]
[PlyCount "83"]
[EventDate "2011.10.22"]
[EventType "swiss"]
[EventRounds "9"]
[EventCountry "ITA"]
[SourceTitle "EXT 2012"]
[Source "ChessBase"]
[SourceDate "2011.11.24"]
[SourceVersion "1"]
[SourceVersionDate "2011.11.24"]
[SourceQuality "1"]

1. Nf3 e6 2. c4 f5 3. g3 Nf6 4. Bg2 Be7 5. 0-0 0-0 6. Nc3 d6 7. d3 Qe8 8. e4 fxe4 9. Nxe4 Nxe4 10. dxe4 e5 11. c5 Kh8 12. cxd6 Bxd6 13. Qb3 Qh5 14. Nh4 Bc5 15. Be3 Bxe3 16. Qxe3 Nc6 17. Rac1 Be6 18. b4 Rac8 19. a3 Nd4 20. f3 b6 21. Nf5 Bxf5 22. exf5 Rxf5 23. Qe4 Rff8 24. Rc3 Qf5 25. Qxf5 Rxf5 26. Re1 c5 27. f4 Nb5 28. Rcc1 Rff8 29. Bh3 Rc7 30. Rxe5 Nd4 31. Kf2 g5 32. Rxg5 Re7 33. Bg4 cxb4 34. axb4 a5 35. bxa5 bxa5 36. Rd5 Nb3 37. Rc2 a4 38. Ra2 Ra8 39. Rd7 Ree8 40. Rc7 Red8 41. Be2 a3 42. Rcc2 1-0

[Event "Arco op 33rd"]
[Site "Arco"]
[Date "2011.10.23"]
[Round "2"]
[White "Mercandelli, Claudio"]
[Black "Benenati, Gianfranco"]
[Result "1/2-1/2"]
[WhiteElo "1907"]
[BlackElo "1800"]
[PlyCount "42"]
[EventDate "2011.10.22"]
[EventType "swiss"]
[EventRounds "9"]
[EventCountry "ITA"]
[SourceTitle "EXT 2012"]
[Source "ChessBase"]
[SourceDate "2011.11.24"]
[SourceVersion "1"]
[SourceVersionDate "2011.11.24"]
[SourceQuality "1"]

1. Nf3 d5 2. c4 e6 3. g3 Nf6 4. Bg2 Be7 5. 0-0 0-0 6. b3 c6 7. Bb2 Nbd7 8. d3 Qc7 9. Nc3 Bb4 10. Qc2 b6 11. Rac1 Bxc3 12. Qxc3 c5 13. cxd5 exd5 14. Nh4 Bb7 15. Nf5 Rfe8 16. Bh3 Rxe2 17. Nd4 Ree8 18. Nb5 Qc6 19. Nd4 Qc7 20. Nb5 Qc6 21. Nd4 Qc7 1/2-1/2

[Event "Recco op-A 4th"]
[Site "Recco "]
[Date "2010.11.28"]
[Round "4"]
[White "Roversi, Stefano"]
[Black "Mercandelli, Claudio"]
[Result "0-1"]
[WhiteElo "1873"]
[BlackElo "1908"]
[PlyCount "48"]
[EventDate "2010.11.26"]
[EventType "swiss"]
[EventRounds "5"]
[EventCountry "ITA"]
[SourceTitle "EXT 2012"]
[Source "ChessBase"]
[SourceDate "2011.11.24"]
[SourceVersion "1"]
[SourceVersionDate "2011.11.24"]
[SourceQuality "1"]

1. e4 Nc6 2. d4 e5 3. Nf3 exd4 4. Nxd4 Bb4+ 5. c3 Bc5 6. Be3 Bb6 7. Be2 Nge7 8. 0-0 d6 9. Nd2 0-0 10. Nc4 f5 11. Nxb6 axb6 12. Qb3+ Kh8 13. exf5 Nxd4 14. cxd4 Nxf5 15. Bd3 Qf6 16. Rac1 Nh4 17. Qd5 Ra5 18. Qc4 Nxg2 19. Qxc7 Bh3 20. Bd2 Nf4 21. Be4 Ne2+ 22. Kh1 Nxc1 23. Rxc1 Qxf2 24. Rg1 Qxg1+ 0-1

[Event "Recco op-A 4th"]
[Site "Recco "]
[Date "2010.11.26"]
[Round "1"]
[White "Pesce, Gabriele"]
[Black "Mercandelli, Claudio"]
[Result "1-0"]
[WhiteElo "2179"]
[BlackElo "1908"]
[PlyCount "67"]
[EventDate "2010.11.26"]
[EventType "swiss"]
[EventRounds "5"]
[EventCountry "ITA"]
[SourceTitle "EXT 2012"]
[Source "ChessBase"]
[SourceDate "2011.11.24"]
[SourceVersion "1"]
[SourceVersionDate "2011.11.24"]
[SourceQuality "1"]

1. e4 Nc6 2. d4 e5 3. Nf3 exd4 4. c3 d3 5. Bxd3 Nf6 6. e5 Ng4 7. 0-0 d6 8. Bg5 Be7 9. Bxe7 Nxe7 10. exd6 Qxd6 11. Bb5+ Bd7 12. Qxd6 cxd6 13. Na3 Ne5 14. Nxe5 dxe5 15. Bxd7+ Kxd7 16. Rad1+ Kc7 17. Nb5+ Kc6 18. Nd6 f6 19. Nxb7 a5 20. Rd6+ Kxb7 21. Rd7+ Kc6 22. Rxe7 Rhd8 23. Rxg7 Rd2 24. Rb1 Rad8 25. h4 R8d7 26. Rxd7 Kxd7 27. Kf1 Kc7 28. g4 h6 29. Kg2 a4 30. Kf3 a3 31. bxa3 Rxa2 32. Rb3 Kc6 33. Ke3 Kc5 34. f3 1-0